[Event "ROM-chT"]
[Site "Mamaia"]
[Date "2013.09.01"]
[Round "2.1"]
[White "Iordachescu, Viorel"]
[Black "Nyzhnyk, Illya"]
[Result "1/2-1/2"]
[WhiteElo "2609"]
[BlackElo "2625"]
[PlyCount "81"]
[EventDate "2013.08.31"]
[EventType "team-tourn"]
[EventRounds "9"]
[EventCountry "ROU"]
[SourceTitle "CBM 156 Extra"]
[Source "ChessBase"]
[SourceDate "2013.10.22"]
[SourceVersion "1"]
[SourceVersionDate "2013.10.22"]
[SourceQuality "1"]
[WhiteTeam "Bucharest Nova"]
[BlackTeam "Timisoara Medicina"]
[WhiteTeamCountry "ROU"]
[BlackTeamCountry "ROU"]

1. c4 e5 2. g3 Nf6 3. Bg2 c6 4. a3 d5 5. cxd5 cxd5 6. d4 exd4 7. Nf3 Be7 8. Nxd4 O-O 9. O-O Nc6 10. Nc3 Nxd4 ({RR} 10... Re8 11. h3 Na5 12. b3 Be6 13. Bb2 Rc8 14. e3 Bd6 15. Qd3 Qd7 16. Ncb5 Be5 17. g4 a6 18. f4 axb5 19. fxe5 Ne4 20. Nxb5 Nxb3 21. Rad1 Nbc5 22. Qe2 Ng3 23. Qf2 Qxb5 24. Bd4 Nxf1 25. Bxf1 {Nakamura,H (2775)-Karjakin,S (2767) Stavanger 2013 0-1 (32)}) ({RR} 10... Re8 11. Bf4 Bc5 12. Be3 Nxd4 13. Bxd4 Qb6 14. Na4 Bxd4 15. Nxb6 Bxb6 16. Rc1 Bg4 17. Bf3 Bh3 18. Re1 Be6 19. e3 Rad8 20. Qa4 d4 21. exd4 Rxd4 22. Qb5 Rd2 23. Re2 Red8 24. Rce1 R2d7 25. Rxe6 {Aalto,P (2304)-Rodriguez Del Cerro,R (2058) chess.com INT 2026 1-0 (45)}) ({RR} 10... Re8 11. h3 Na5 12. b3 Be6 13. Bb2 Rc8 14. e3 Bd6 15. Qd3 Qd7 16. Ncb5 Be5 17. g4 a6 18. f4 axb5 19. fxe5 Ne4 20. Nxb5 Nxb3 21. Rad1 Nbc5 22. Qe2 Ng3 23. Qf2 Qxb5 24. Bd4 Nxf1 25. Bxf1 {Nakamura,H (2775)-Karjakin,S (2767) Stavanger 2013 0-1 (32)}) ({RR} 10... Re8 11. Bf4 Bc5 12. Be3 Nxd4 13. Bxd4 Qb6 14. Na4 Bxd4 15. Nxb6 Bxb6 16. Rc1 Bg4 17. Bf3 Bh3 18. Re1 Be6 19. e3 Rad8 20. Qa4 d4 21. exd4 Rxd4 22. Qb5 Rd2 23. Re2 Red8 24. Rce1 R2d7 25. Rxe6 {Aalto,P (2304)-Rodriguez Del Cerro,R (2058) chess.com INT 2026 1-0 (45)}) 11. Qxd4 Be6 12. Be3 $146 ({RR} 12. Rd1 b6 13. b4 Rc8 14. Bb2 Rc4 15. Qd3 Qc8 16. Nxd5 Nxd5 17. Bxd5 Bxd5 18. Qxd5 Rd8 19. Qf3 Rxd1+ 20. Rxd1 Rc2 21. Be5 Qa6 22. Kf1 Bf8 23. Rd8 Rc8 24. Rxc8 Qxc8 25. Qc3 Qa8 26. f3 h6 {Stritzel,F-Tornier,S Pinneberg 1995 1-0 (37)}) ({RR} 12. Rd1 b6 13. b4 Rc8 14. Bb2 Rc4 15. Qd3 Qc8 16. Nxd5 Nxd5 17. Bxd5 Bxd5 18. Qxd5 Rd8 19. Qf3 Rxd1+ 20. Rxd1 Rc2 21. Be5 Qa6 22. Kf1 Bf8 23. Rd8 Rc8 24. Rxc8 Qxc8 25. Qc3 Qa8 26. f3 h6 {Stritzel,F-Tornier,S Pinneberg 1995 1-0 (37)}) 12... Qa5 13. Qd3 Rfd8 14. Rfd1 h6 15. Bd4 Rac8 16. e3 Rd7 17. Qb5 Qxb5 18. Nxb5 a6 19. Nc3 b5 20. Rac1 Rdc7 21. Rb1 Bf5 22. Ra1 Bg4 23. Re1 Be6 24. Be5 Rc4 25. Red1 Rd8 26. Bd4 Kf8 27. Rd2 Bf5 28. Rad1 Bg4 29. f3 Be6 30. Bf1 Rc6 31. Na2 Rcc8 32. Nb4 a5 33. Nd3 b4 34. Bb6 Re8 35. a4 b3 36. Bxa5 Bd7 37. Bc3 Bxa4 38. Kf2 g5 39. g4 Bb5 40. h3 Bc4 41. Ra1 1/2-1/2

[Event "Bundesliga 1314"]
[Site "Germany"]
[Date "2014.02.08"]
[Round "7.4"]
[White "Tregubov, Pavel V"]
[Black "Edouard, Romain"]
[Result "1/2-1/2"]
[WhiteElo "2606"]
[BlackElo "2657"]
[PlyCount "99"]
[EventDate "2013.10.12"]
[EventType "team-tourn"]
[EventRounds "15"]
[EventCountry "GER"]
[SourceTitle "CBM 159"]
[Source "ChessBase"]
[SourceDate "2014.03.17"]
[SourceVersion "1"]
[SourceVersionDate "2014.03.17"]
[SourceQuality "1"]
[WhiteTeam "Muelheim"]
[BlackTeam "Werder Bremen"]
[WhiteTeamCountry "GER"]
[BlackTeamCountry "GER"]

1. d4 e6 2. c4 d5 3. Nc3 c5 4. cxd5 exd5 5. Nf3 Nc6 6. dxc5 d4 7. Na4 Bxc5 8. Nxc5 Qa5+ 9. Qd2 Qxc5 10. e3 dxe3 11. Qxe3+ Qxe3+ 12. Bxe3 Be6 ({RR} 12... Nge7 13. Bc4 O-O 14. O-O h6 15. Rfe1 Rd8 16. h3 Nd5 17. Bd2 Be6 18. Rac1 Nc7 19. Bf4 Bxc4 20. Bxc7 Rd7 21. Rxc4 Rxc7 22. Nd4 Rd8 23. Nxc6 Rxc6 24. Rxc6 bxc6 25. Re2 Rd1+ 26. Kh2 Kf8 27. g4 {Aronian,L (2737)-Duda,J (2725) Saint Louis 2025 ½-½ (39)}) ({RR} 12... Nge7 13. Bc4 O-O 14. O-O Bg4 15. Nd4 Nxd4 16. Bxd4 Rfd8 17. Be3 Nf5 18. Bg5 Rd4 19. Rac1 h6 20. Be3 Nxe3 21. Bxf7+ Kh8 22. fxe3 Rd7 23. h3 Be2 24. Rf2 Bb5 25. e4 Bc6 26. e5 Re7 27. Re1 {Roshka,Y (2497)-Janous,M (2291) Ceske Budejovice CZE 2026 1-0 (44)}) ({RR} 12... Nge7 13. Bc4 O-O 14. O-O h6 15. Rfe1 Rd8 16. h3 Nd5 17. Bd2 Be6 18. Rac1 Nc7 19. Bf4 Bxc4 20. Bxc7 Rd7 21. Rxc4 Rxc7 22. Nd4 Rd8 23. Nxc6 Rxc6 24. Rxc6 bxc6 25. Re2 Rd1+ 26. Kh2 Kf8 27. g4 {Aronian,L (2737)-Duda,J (2725) Saint Louis 2025 ½-½ (39)}) ({RR} 12... Nge7 13. Bc4 O-O 14. O-O Bg4 15. Nd4 Nxd4 16. Bxd4 Rfd8 17. Be3 Nf5 18. Bg5 Rd4 19. Rac1 h6 20. Be3 Nxe3 21. Bxf7+ Kh8 22. fxe3 Rd7 23. h3 Be2 24. Rf2 Bb5 25. e4 Bc6 26. e5 Re7 27. Re1 {Roshka,Y (2497)-Janous,M (2291) Ceske Budejovice CZE 2026 1-0 (44)}) 13. Nd4 Nge7 14. Nxe6 fxe6 15. Bc4 $146 ({RR} 15. O-O-O Nd5 16. Bc5 Rc8 17. Kb1 Kf7 18. Be2 Ne5 19. Bd4 Nc6 20. Bh5+ Ke7 21. Bc5+ Kf6 22. Rhe1 b6 23. Bd6 Rcd8 24. Bg3 g5 25. Rc1 Nde7 26. Bf3 {1-0 (26) Lugovoi,A (2500)-Kiik,K (2370) St Petersburg 1996}) ({RR} 15. O-O-O Nd5 16. Bc5 Rc8 17. Kb1 Kf7 18. Be2 Ne5 19. Bd4 Nc6 20. Bh5+ Ke7 21. Bc5+ Kf6 22. Rhe1 b6 23. Bd6 Rcd8 24. Bg3 g5 25. Rc1 Nde7 26. Bf3 {1-0 (26) Lugovoi,A (2500)-Kiik,K (2370) St Petersburg 1996}) 15... Nd5 16. Bd2 Kf7 17. O-O Nb6 18. Be2 Nd4 19. Bg4 Rad8 20. Rae1 h5 21. Bh3 Rd5 22. Re4 Re8 23. Bc3 Nb5 24. Bb4 Rd4 25. Rfe1 Rxe4 26. Rxe4 Nd5 27. Bd2 Nd6 28. Re2 Nf5 29. Kf1 Kf6 30. Re1 Rc8 31. Rc1 Rxc1+ 32. Bxc1 g5 33. g3 Nd4 34. Bg2 Kf5 35. h3 g4 36. hxg4+ hxg4 37. Bh6 Nf3 38. Ke2 Ke4 39. a3 Nb6 40. Kd1 Nc4 41. Bc1 b5 42. Kc2 Kd4 43. Bxf3 gxf3 44. b3 Na5 45. Be3+ Kd5 46. g4 Nc6 47. g5 Ke5 48. Kd3 Kf5 49. Bd2 a6 50. Ke3 1/2-1/2

[Event "EU-Cup 28th"]
[Site "Eilat"]
[Date "2012.10.15"]
[Round "5.6"]
[White "Khismatullin, Denis Rimovich"]
[Black "Zvjaginsev, Vadim"]
[Result "1/2-1/2"]
[WhiteElo "2638"]
[BlackElo "2678"]
[PlyCount "99"]
[EventDate "2012.10.11"]
[EventType "team-swiss"]
[EventRounds "7"]
[EventCountry "ISR"]
[SourceTitle "CBM 151"]
[Source "ChessBase"]
[SourceDate "2012.11.13"]
[SourceVersion "1"]
[SourceVersionDate "2012.11.13"]
[SourceQuality "1"]
[WhiteTeam "Tomsk 400"]
[BlackTeam "St Petersburg CF"]
[WhiteTeamCountry "RUS"]
[BlackTeamCountry "RUS"]

1. c4 e6 2. Nf3 Nf6 3. g3 d5 4. Bg2 Be7 5. d4 O-O 6. O-O c5 7. cxd5 exd5 8. Nc3 Be6 9. Be3 cxd4 10. Nxd4 Nc6 11. Qa4 Qd7 12. Rad1 ({RR} 12. Rfd1 Rfd8 13. Nb3 Ne5 14. Qxd7 Rxd7 15. Bd4 Nc4 16. Nd2 Nxb2 17. Rdb1 Nc4 18. Nxc4 dxc4 19. Rxb7 Rxb7 20. Bxb7 Rb8 21. Bg2 a5 22. Be5 Rc8 23. e4 Ng4 24. Bd4 Rd8 25. Nd5 Bxd5 26. exd5 Bf6 {Kortschnoj,V (2579)-Vydeslaver,A (2448) Beersheba 2004 1-0 (42)}) ({RR} 12. Rfd1 Rfd8 13. Rac1 h6 14. Nb3 Rac8 15. Nc5 Bxc5 16. Bxc5 b6 17. Bd4 Nxd4 18. Qxd4 Qe8 19. b3 Kf8 20. Na4 Rxc1 21. Rxc1 Rc8 22. Rxc8 Qxc8 23. Qb4+ Kg8 24. Qc3 Qd7 25. Nb2 Bh3 26. Nd3 Bxg2 {Zimina,O (2282)-Medic,M (2088) Rijeka CRO 2026 1-0 (86)}) ({RR} 12. Rfd1 Rfd8 13. Nb3 Ne5 14. Qxd7 Rxd7 15. Bd4 Nc4 16. Nd2 Nxb2 17. Rdb1 Nc4 18. Nxc4 dxc4 19. Rxb7 Rxb7 20. Bxb7 Rb8 21. Bg2 a5 22. Be5 Rc8 23. e4 Ng4 24. Bd4 Rd8 25. Nd5 Bxd5 26. exd5 Bf6 {Kortschnoj,V (2579)-Vydeslaver,A (2448) Beersheba 2004 1-0 (42)}) ({RR} 12. Rfd1 Rfd8 13. Rac1 h6 14. Nb3 Rac8 15. Nc5 Bxc5 16. Bxc5 b6 17. Bd4 Nxd4 18. Qxd4 Qe8 19. b3 Kf8 20. Na4 Rxc1 21. Rxc1 Rc8 22. Rxc8 Qxc8 23. Qb4+ Kg8 24. Qc3 Qd7 25. Nb2 Bh3 26. Nd3 Bxg2 {Zimina,O (2282)-Medic,M (2088) Rijeka CRO 2026 1-0 (86)}) 12... Bh3 13. Rd2 $146 ({RR} 13. Nb3 Bxg2 14. Kxg2 Rfe8 15. Bg5 Qc8 16. Bxf6 Bxf6 17. Nxd5 Rxe2 18. Nxf6+ gxf6 19. Qf4 Qe6 20. Nc5 Qe5 21. Qg4+ Kh8 22. Nd7 Qxb2 23. Nxf6 Re6 24. Nh5 Rg8 25. Qf5 Re7 26. Nf6 Rg6 27. Qc8+ Kg7 {Drasko,M (2438)-Lundin,J (2287) Djenovici 2018 1-0 (45)}) ({RR} 13. Nxc6 bxc6 14. Bd4 Bxg2 15. Kxg2 Qb7 16. Qc2 Rfe8 17. e4 dxe4 18. Nxe4 Nxe4 19. Qxe4 Bf6 20. Qf3 Bxd4 21. Rxd4 Qxb2 22. Rfd1 Qxa2 23. Qxc6 Qe6 24. Rd6 Qe4+ 25. Qxe4 Rxe4 26. Ra1 Kf8 27. Rda6 Re7 {Williams,H (2256)-Kett,T (2215) Wales 2018 ½-½}) ({RR} 13. Nb3 Bxg2 14. Kxg2 Rfe8 15. Bg5 Qc8 16. Bxf6 Bxf6 17. Nxd5 Rxe2 18. Nxf6+ gxf6 19. Qf4 Qe6 20. Nc5 Qe5 21. Qg4+ Kh8 22. Nd7 Qxb2 23. Nxf6 Re6 24. Nh5 Rg8 25. Qf5 Re7 26. Nf6 Rg6 27. Qc8+ Kg7 {Drasko,M (2438)-Lundin,J (2287) Djenovici 2018 1-0 (45)}) ({RR} 13. Nxc6 bxc6 14. Bd4 Bxg2 15. Kxg2 Qb7 16. Qc2 Rfe8 17. e4 dxe4 18. Nxe4 Nxe4 19. Qxe4 Bf6 20. Qf3 Bxd4 21. Rxd4 Qxb2 22. Rfd1 Qxa2 23. Qxc6 Qe6 24. Rd6 Qe4+ 25. Qxe4 Rxe4 26. Ra1 Kf8 27. Rda6 Re7 {Williams,H (2256)-Kett,T (2215) Wales 2018 ½-½}) 13... Bb4 14. Rc2 Bxc3 15. Rxc3 Nxd4 16. Qxd4 Bxg2 17. Kxg2 Rfe8 18. Rfc1 Ng4 19. h3 Re4 20. Qd2 Nxe3+ 21. Rxe3 Qe6 22. Rc7 d4 23. Rf3 Rf8 24. Rxb7 Qxa2 25. Qd3 Qe6 26. Rxa7 h6 27. b4 Rxe2 28. Qxd4 Re4 29. Qc3 Qd5 30. Qb3 Qxb3 31. Rxb3 Rb8 32. Rf3 f6 33. Rd3 Kh7 34. Rdd7 Rg8 35. Rab7 h5 36. h4 Kg6 37. b5 Rb4 38. Kf3 Kf5 39. Rd5+ Kg6 40. Kg2 Rb2 41. Rdd7 Kf5 42. Rd4 Kg6 43. Rf4 Kh6 44. g4 hxg4 45. Rxg4 Kh5 46. Rf4 Kh6 47. Kg3 Rc8 48. b6 Rc6 49. Rg4 g6 50. Rf4 1/2-1/2

[Event "FRA-chT Top 12"]
[Site "Haguenau"]
[Date "2013.06.07"]
[Round "9.2"]
[White "Wojtaszek, Radoslaw"]
[Black "Delchev, Aleksander"]
[Result "1/2-1/2"]
[WhiteElo "2701"]
[BlackElo "2622"]
[PlyCount "86"]
[EventDate "2013.05.30"]
[EventType "team-tourn"]
[EventRounds "11"]
[EventCountry "FRA"]
[SourceTitle "CBM 154 Extra"]
[Source "ChessBase"]
[SourceDate "2013.06.25"]
[SourceVersion "2"]
[SourceVersionDate "2013.06.25"]
[SourceQuality "1"]
[WhiteTeam "Mulhouse Philidor"]
[BlackTeam "Marseille Echecs"]
[WhiteTeamCountry "FRA"]
[BlackTeamCountry "FRA"]

1. d4 d5 2. c4 e6 3. Nc3 c5 4. cxd5 exd5 5. Nf3 Nc6 6. g3 Nf6 7. Bg2 Be7 8. O-O O-O 9. dxc5 Bxc5 10. Na4 Be7 11. Be3 Re8 12. Rc1 Bg4 13. h3 Bxf3 14. Bxf3 Qd7 15. Bg2 Rad8 16. Nc5 Bxc5 17. Bxc5 Ne4 18. Bd4 ({RR} 18. e3 Qe6 19. Bd4 Qg6 20. b3 h6 21. Bb2 a6 22. a3 f6 23. b4 Kh7 24. Qd3 Qf5 25. Qc2 Rc8 26. Qb1 Kh8 27. Rcd1 Ne7 28. Rc1 Rxc1 29. Qxc1 Rc8 30. Qb1 Rc4 31. Ba1 Qc8 32. Qd3 b5 {Wang,H (2722)-Kasimdzhanov,R (2670) Shusha 2022 ½-½ (53)}) ({RR} 18. e3 Qe6 19. Bd4 Qg6 20. b3 h6 21. Bb2 a6 22. a3 f6 23. b4 Kh7 24. Qd3 Qf5 25. Qc2 Rc8 26. Qb1 Kh8 27. Rcd1 Ne7 28. Rc1 Rxc1 29. Qxc1 Rc8 30. Qb1 Rc4 31. Ba1 Qc8 32. Qd3 b5 {Wang,H (2722)-Kasimdzhanov,R (2670) Shusha 2022 ½-½ (53)}) 18... Qf5 ({RR} 18... h5 19. e3 Qf5 20. Qf3 Qxf3 21. Bxf3 Nd2 22. Bxh5 Nxf1 23. Kxf1 Nxd4 24. exd4 Rc8 25. Rb1 Rc2 26. Bf3 Rd2 27. Bxd5 Ree2 28. Bxb7 Rxf2+ 29. Kg1 Rxb2 30. Rxb2 Rxb2 31. Bd5 Rd2 {0-1 (31) Bachmann,A (2571)-Kreken,E (2302) chess.com INT 2025}) ({RR} 18... h5 19. e3 Qf5 20. Qf3 Qxf3 21. Bxf3 Nd2 22. Bxh5 Nxf1 23. Kxf1 Nxd4 24. exd4 Rc8 25. Rb1 Rc2 26. Bf3 Rd2 27. Bxd5 Ree2 28. Bxb7 Rxf2+ 29. Kg1 Rxb2 30. Rxb2 Rxb2 31. Bd5 Rd2 {0-1 (31) Bachmann,A (2571)-Kreken,E (2302) chess.com INT 2025}) 19. e3 Rc8 $146 ({RR} 19... Ng5 20. Kh2 Ne6 21. Bc3 d4 22. exd4 Nexd4 23. Bxd4 Nxd4 {½-½ (23) Polugaevsky,L-Lein,A Almaty 1969}) ({RR} 19... Ng5 20. Kh2 Ne6 21. Bc3 d4 22. exd4 Nexd4 23. Bxd4 Nxd4 {½-½ (23) Polugaevsky,L-Lein,A Almaty 1969}) 20. Bc3 h5 21. Qf3 Qxf3 22. Bxf3 Nxc3 23. bxc3 Re5 24. c4 d4 25. Bxc6 bxc6 26. exd4 Re2 27. a3 Rb8 28. Rfe1 Ra2 29. Rc3 Rd2 30. Re7 Rxd4 31. Rxa7 h4 32. gxh4 Rf4 33. Kg2 Rb2 34. Rf3 Rxf3 35. Kxf3 Rc2 36. Ra4 c5 37. Ke3 Kh7 38. f4 f5 39. Kd3 Rh2 40. Ra5 Rxh3+ 41. Ke2 Rxh4 42. Kf3 g6 43. Rxc5 Rh3+ 1/2-1/2

[Event "FIDE World Cup"]
[Site "Tromsoe"]
[Date "2013.08.11"]
[Round "1.1"]
[White "Ortiz Suarez, Isan Reynaldo"]
[Black "Polgar, Judit"]
[Result "1-0"]
[WhiteElo "2609"]
[BlackElo "2696"]
[PlyCount "129"]
[EventDate "2013.08.11"]
[EventType "k.o."]
[EventRounds "7"]
[EventCountry "NOR"]
[SourceTitle "CBM 156"]
[Source "ChessBase"]
[SourceDate "2013.09.17"]
[SourceVersion "1"]
[SourceVersionDate "2013.09.17"]
[SourceQuality "1"]

1. c4 c5 2. Nf3 Nc6 3. Nc3 Nf6 4. e3 e6 5. d4 d5 6. cxd5 exd5 7. Bb5 Bd6 8. dxc5 Bxc5 9. O-O O-O 10. b3 Bg4 11. Bb2 Rc8 12. h3 ({RR} 12. Rc1 a6 13. Be2 Ba7 14. h3 Bh5 15. Nh4 Bg6 16. Nxg6 hxg6 17. Bf3 d4 18. exd4 Bxd4 19. Na4 Bxb2 20. Nxb2 Nd4 21. Rxc8 Nxf3+ 22. Qxf3 Qxc8 23. Nc4 b5 24. Ne3 Qc3 25. Qe2 Re8 26. Rd1 Qe5 {Topalov,V (2793)-Karjakin,S (2767) Stavanger 2013 0-1 (64)}) ({RR} 12. Be2 a6 13. h3 Be6 14. Na4 Bd6 15. Rc1 Ne4 16. Nc3 Nf6 17. Ng5 Qe7 18. Qd3 Rfd8 19. Rfd1 h6 20. Nxe6 fxe6 21. Bf1 Bb8 22. g3 Ba7 23. Bg2 Rf8 24. Ne2 Bb8 25. Nf4 Rfd8 26. Qe2 Qf7 {Rybka,S (2342)-Krak,T (2232) Slovakia SVK 2025 ½-½ (37)}) ({RR} 12. Rc1 a6 13. Be2 Ba7 14. h3 Bh5 15. Nh4 Bg6 16. Nxg6 hxg6 17. Bf3 d4 18. exd4 Bxd4 19. Na4 Bxb2 20. Nxb2 Nd4 21. Rxc8 Nxf3+ 22. Qxf3 Qxc8 23. Nc4 b5 24. Ne3 Qc3 25. Qe2 Re8 26. Rd1 Qe5 {Topalov,V (2793)-Karjakin,S (2767) Stavanger 2013 0-1 (64)}) ({RR} 12. Be2 a6 13. h3 Be6 14. Na4 Bd6 15. Rc1 Ne4 16. Nc3 Nf6 17. Ng5 Qe7 18. Qd3 Rfd8 19. Rfd1 h6 20. Nxe6 fxe6 21. Bf1 Bb8 22. g3 Ba7 23. Bg2 Rf8 24. Ne2 Bb8 25. Nf4 Rfd8 26. Qe2 Qf7 {Rybka,S (2342)-Krak,T (2232) Slovakia SVK 2025 ½-½ (37)}) 12... Bh5 13. Rc1 Bd6 14. Be2 Bxf3 $146 ({RR} 14... Bb8 15. Nh4 Bxe2 16. Nxe2 Re8 17. Nf5 Qd7 18. Neg3 Be5 19. Ba3 g6 20. f4 Bc7 21. Bb2 Bd8 22. Nh6+ Kg7 23. Ng4 d4 24. Ne5 Qd5 25. Bxd4 Bb6 26. Nxc6 bxc6 27. Rc4 Bxd4 28. Rxd4 Qc5 29. Qd2 {Voiska,M (2366)-Farago,I (2467) Bolzano 2000 1-0 (64)}) ({RR} 14... Bb8 15. Nh4 Qd6 16. g3 Bxe2 17. Nxe2 Qe6 18. Kg2 Be5 19. Bxe5 Qxe5 20. Nf3 Qe4 21. Nc3 Qe6 22. Qd3 Ne5 23. Nxe5 Qxe5 24. Rc2 Rfd8 25. Rd1 Qe6 26. Ne2 Rxc2 27. Qxc2 Rc8 28. Qd3 Qe4+ 29. Qxe4 {Karpov,A (2696)-Lautier,J (2632) Monte Carlo 2000 1-0 (93)}) ({RR} 14... Bb8 15. Nh4 Bxe2 16. Nxe2 Re8 17. Nf5 Qd7 18. Neg3 Be5 19. Ba3 g6 20. f4 Bc7 21. Bb2 Bd8 22. Nh6+ Kg7 23. Ng4 d4 24. Ne5 Qd5 25. Bxd4 Bb6 26. Nxc6 bxc6 27. Rc4 Bxd4 28. Rxd4 Qc5 29. Qd2 {Voiska,M (2366)-Farago,I (2467) Bolzano 2000 1-0 (64)}) ({RR} 14... Bb8 15. Nh4 Qd6 16. g3 Bxe2 17. Nxe2 Qe6 18. Kg2 Be5 19. Bxe5 Qxe5 20. Nf3 Qe4 21. Nc3 Qe6 22. Qd3 Ne5 23. Nxe5 Qxe5 24. Rc2 Rfd8 25. Rd1 Qe6 26. Ne2 Rxc2 27. Qxc2 Rc8 28. Qd3 Qe4+ 29. Qxe4 {Karpov,A (2696)-Lautier,J (2632) Monte Carlo 2000 1-0 (93)}) 15. Bxf3 Be5 16. Ba1 Qa5 17. Nxd5 Rfd8 18. Bxe5 Nxd5 19. Bxd5 Qxd5 20. Qxd5 Rxd5 21. Bc3 Rcd8 22. Rfe1 a5 23. Kf1 b5 24. Rc2 h5 25. Rec1 Kh7 26. Be1 Nb4 27. Bxb4 axb4 28. Rc5 h4 29. R1c2 f6 30. Ke2 g5 31. Rxd5 Rxd5 32. Rd2 Rc5 33. Rd7+ Kg6 34. Kd2 Rc6 35. Rd5 Ra6 36. Rxb5 Rxa2+ 37. Ke1 Rb2 38. Rxb4 Kf5 39. Kf1 Ke5 40. f3 Rb1+ 41. Kf2 Rb2+ 42. Kg1 Rb1+ 43. Kh2 f5 44. e4 fxe4 45. Rxe4+ Kf5 46. Rb4 Rb2 47. Rb8 Kf6 48. b4 Rb1 49. b5 Kg6 50. b6 Kg7 51. b7 Kh7 52. f4 gxf4 53. Rf8 Rxb7 54. Rxf4 Kg6 55. Rxh4 Rb3 56. Rf4 Kg5 57. Rf3 Rb4 58. Kg3 Ra4 59. Rb3 Ra5 60. h4+ Kh5 61. Kh3 Ra6 62. g4+ Kh6 63. Kg3 Kg6 64. h5+ Kh6 65. Kh4 1-0

[Event "Sinquefield Cup 5th"]
[Site "Saint Louis"]
[Date "2017.08.03"]
[Round "2"]
[White "Svidler, Peter"]
[Black "Anand, Viswanathan"]
[Result "1/2-1/2"]
[WhiteElo "2749"]
[BlackElo "2783"]
[PlyCount "61"]
[EventDate "2017.08.02"]
[EventType "tourn"]
[EventRounds "9"]
[EventCountry "USA"]
[EventCategory "22"]
[SourceTitle "CBM 180"]
[Source "ChessBase"]
[SourceDate "2017.09.13"]
[SourceVersion "1"]
[SourceVersionDate "2017.09.13"]
[SourceQuality "1"]

1. c4 {Stockfish 16.1 Stockfish 16.1} c5 2. Nf3 Nc6 3. Nc3 Nf6 4. e3 e6 5. d4 d5 6. cxd5 exd5 7. Bb5 cxd4 8. Nxd4 Bd7 9. O-O Bd6 10. Nf3 a6 11. Ba4 ({RR} 11. Be2 Bg4 12. h3 Bh5 13. b3 ({RR} 13. Nxd5 Nxd5 14. Qb3 ({RR} 14. Qxd5 Bh2+ 15. Nxh2 Qxd5) ({RR} 14. Qxd5 Bh2+ 15. Nxh2 Qxd5) 14... Qd7) ({RR} 13. Nxd5 Nxd5 14. Qb3 Qd7) 13... O-O 14. Bb2 Re8 15. Nh4 Bg6 16. Nxg6 ({RR} 16. Nxd5 Nxd5 17. Nxg6 hxg6) ({RR} 16. Nxd5 Nxd5 17. Nxg6 hxg6) 16... hxg6 17. Bf3 Be5 18. Rb1 d4 19. exd4 Nxd4 20. Bxb7 Ra7 21. Bf3 Rd7 22. Na4 Qa5 ({RR} 22... Nf5 23. Qc1 Bxb2 24. Rxb2 Nd4) ({RR} 22... Nf5 23. Qc1 Bxb2 24. Rxb2 Nd4) 23. Kh1 Nxf3 24. Qxf3 Bxb2 25. Rxb2 Re1 {Keymer,V (2807)-Firouzja,A (2854) Chess.com 2024 [Stockfish 16.1] 0-1 (34)}) ({RR} 11. Be2 Bg4 12. h3 Bh5 13. b3 O-O 14. Bb2 Re8 15. Nh4 Bg6 16. Nxg6 hxg6 17. Bf3 Be5 18. Rb1 d4 19. exd4 Nxd4 20. Bxb7 Ra7 21. Bf3 Rd7 22. Na4 Qa5 23. Kh1 Nxf3 24. Qxf3 Bxb2 25. Rxb2 Re1 {Keymer,V (2807)-Firouzja,A (2854) Chess.com 2024 [Stockfish 16.1] 0-1 (34)}) 11... Be6 ({RR} 11... Bg4 12. h3 Bh5 13. g4 Bg6 14. g5 Ne4 15. Qxd5 O-O 16. Rd1 Nb4 17. Qd4 Nxg5 18. Qxd6 Nxf3+ 19. Kg2 Ne1+ 20. Kf1 Bd3+ 21. Rxd3 Nexd3 22. Qxd8 Rfxd8 23. a3 Nxc1 24. Rxc1 Nd3 25. Rb1 Rac8 26. Ne2 {Terry,R (2508)-Bok,B (2560) chess.com INT 2026 0-1 (78)}) ({RR} 11... Bg4 12. h3 Bh5 13. g4 Bg6 14. g5 Ne4 15. Qxd5 O-O 16. Rd1 Nb4 17. Qd4 Nxg5 18. Qxd6 Nxf3+ 19. Kg2 Ne1+ 20. Kf1 Bd3+ 21. Rxd3 Nexd3 22. Qxd8 Rfxd8 23. a3 Nxc1 24. Rxc1 Nd3 25. Rb1 Rac8 26. Ne2 {Terry,R (2508)-Bok,B (2560) chess.com INT 2026 0-1 (78)}) 12. Ne2 O-O 13. Nf4 Bxf4 $146 ({RR} 13... Bf5 14. Nd4 Nxd4 15. Qxd4 Rc8 16. Bb3 Bc5 17. Qe5 Be4 18. Nh5 Nxh5 19. Qxh5 d4 20. exd4 Bxd4 21. Qg4 Re8 22. Be3 Bxe3 23. fxe3 Bg6 24. h4 Qd3 25. Rf3 h5 26. Qg3 Re7 27. Rd1 Qe4 28. Kh2 {Paehtz,T-Berg,K (2295) Jelenia Gora 1980 ½-½ (36)}) ({RR} 13... Bf5 14. Nd4 Nxd4 15. Qxd4 Rc8 16. Bb3 Bc5 17. Qe5 Be4 18. Nh5 Nxh5 19. Qxh5 d4 20. exd4 Bxd4 21. Qg4 Re8 22. Be3 Bxe3 23. fxe3 Bg6 24. h4 Qd3 25. Rf3 h5 26. Qg3 Re7 27. Rd1 Qe4 28. Kh2 {Paehtz,T-Berg,K (2295) Jelenia Gora 1980 ½-½ (36)}) 14. exf4 b5 15. Bb3 Bg4 16. h3 Bxf3 17. Qxf3 Nd4 18. Qd3 Nxb3 19. axb3 d4 20. Bd2 Re8 21. Rfd1 Qd5 22. Ba5 h6 23. Qxd4 Qxb3 24. f5 Re4 25. Qc3 Qxc3 26. Bxc3 b4 27. Be1 a5 28. f3 Re2 29. Bxb4 Rxb2 30. Bxa5 Rb5 31. Rd8+ 1/2-1/2

[Event "EU-Cup 35th"]
[Site "Ulcinj"]
[Date "2019.11.16"]
[Round "7.2"]
[White "Zvjaginsev, Vadim"]
[Black "Vidit, Santosh Gujrathi"]
[Result "1/2-1/2"]
[WhiteElo "2626"]
[BlackElo "2722"]
[PlyCount "62"]
[EventDate "2019.11.10"]
[EventType "team-swiss"]
[EventRounds "7"]
[EventCountry "MNE"]
[SourceTitle "CBM 193 Extra"]
[Source "ChessBase"]
[SourceDate "2020.01.31"]
[SourceVersion "1"]
[SourceVersionDate "2020.01.31"]
[SourceQuality "1"]
[WhiteTeam "Moscow Chess Team"]
[BlackTeam "Novy Bor"]
[WhiteTeamCountry "RUS"]
[BlackTeamCountry "CZE"]

1. Nf3 Nf6 2. c4 c5 3. Nc3 Nc6 4. e3 e6 5. d4 d5 6. cxd5 exd5 7. Bb5 cxd4 8. exd4 Bd6 9. O-O O-O 10. h3 h6 11. Re1 Bf5 12. Ne5 Rc8 ({RR} 12... Qb6 13. Bxc6 bxc6 14. Na4 Qb5 15. Bf4 Bxe5 16. Bxe5 Nd7 17. b3 Rfe8 18. Bd6 Qd3 19. Qxd3 Bxd3 20. Rac1 Bb5 21. Nc3 Bd3 22. f3 f6 23. Kf2 Kf7 24. Re3 Rxe3 25. Kxe3 Ba6 26. Rc2 Re8+ 27. Kf2 {Robson,R (2650)-Hovhannisyan,R (2621) Doha QAT 2025 ½-½ (136)}) ({RR} 12... Qb6 13. Bxc6 bxc6 14. Na4 Qb5 15. Bf4 Bxe5 16. Bxe5 Nd7 17. b3 Rfe8 18. Bd6 Qd3 19. Qxd3 Bxd3 20. Rac1 Bb5 21. Nc3 Bd3 22. f3 f6 23. Kf2 Kf7 24. Re3 Rxe3 25. Kxe3 Ba6 26. Rc2 Re8+ 27. Kf2 {Robson,R (2650)-Hovhannisyan,R (2621) Doha QAT 2025 ½-½ (136)}) 13. Bf4 Nb4 ({RR} 13... Ne7 14. Ba4 Ne4 15. Nxe4 Bxe4 16. Bb3 Nc6 17. Nxc6 Rxc6 18. Bxd6 Qxd6 19. f3 Bf5 20. Re5 Be6 21. Qd2 f6 22. Re3 Rfc8 23. Rae1 Bf7 24. R3e2 R6c7 25. Re3 Rc6 26. R3e2 R6c7 27. Re3 Rc6 {½-½ (27) Grischuk,A (2778)-Anand,V (2753) Zagreb 2021}) ({RR} 13... Ne7 14. Ba4 Ne4 15. Nxe4 Bxe4 16. Bb3 Nc6 17. Nxc6 Rxc6 18. Bxd6 Qxd6 19. f3 Bf5 20. Re5 Be6 21. Qd2 f6 22. Re3 Rfc8 23. Rae1 Bf7 24. R3e2 R6c7 25. Re3 Rc6 26. R3e2 R6c7 27. Re3 Rc6 {½-½ (27) Grischuk,A (2778)-Anand,V (2753) Zagreb 2021}) 14. Ba4 $146 ({RR} 14. Rc1 a6 15. Be2 Re8 16. a3 Nc6 17. Bf3 Be6 18. Nxc6 Rxc6 19. Be5 Be7 20. Qb3 Rb6 21. Qc2 Rc6 22. Qd3 Qd7 23. Rcd1 Rec8 24. Qd2 b5 25. Rc1 Nh7 26. Be2 Ng5 27. Qe3 b4 28. axb4 Bxb4 {Niemann,H (2688)-Vidit,S (2721) North Richland Hills, TX USA 2024 1-0 (38)}) ({RR} 14. Rc1 a6 15. Be2 Re8 16. a3 Nc6 17. Bf3 Be6 18. Nxc6 Rxc6 19. Be5 Be7 20. Qb3 Rb6 21. Qc2 Rc6 22. Qd3 Qd7 23. Rcd1 Rec8 24. Qd2 b5 25. Rc1 Nh7 26. Be2 Ng5 27. Qe3 b4 28. axb4 Bxb4 {Niemann,H (2688)-Vidit,S (2721) North Richland Hills, TX USA 2024 1-0 (38)}) ({RR} 14. Rc1 a6 15. Be2 Re8 16. a3 Nc6 17. Bf3 Be6 18. Nxc6 Rxc6 19. Be5 Be7 20. Qb3 Rb6 21. Qc2 Rc6 22. Qd3 Qd7 23. Rcd1 Rec8 24. Qd2 b5 25. Rc1 Nh7 26. Be2 Ng5 27. Qe3 b4 28. axb4 Bxb4 {Niemann,H (2688)-Vidit,S (2721) North Richland Hills, TX USA 2024 1-0 (38)}) ({RR} 14. Rc1 a6 15. Be2 Re8 16. a3 Nc6 17. Bf3 Be6 18. Nxc6 Rxc6 19. Be5 Be7 20. Qb3 Rb6 21. Qc2 Rc6 22. Qd3 Qd7 23. Rcd1 Rec8 24. Qd2 b5 25. Rc1 Nh7 26. Be2 Ng5 27. Qe3 b4 28. axb4 Bxb4 {Niemann,H (2688)-Vidit,S (2721) North Richland Hills, TX USA 2024 1-0 (38)}) 14... Ne4 15. a3 Bxe5 16. Bxe5 Nc6 17. Nxe4 dxe4 18. Bxc6 Rxc6 19. Rc1 Rxc1 20. Qxc1 Qd7 21. Qc7 Qxc7 22. Bxc7 Rc8 23. Rc1 Be6 24. Bf4 Rxc1+ 25. Bxc1 Kf8 26. Kf1 Bc4+ 27. Ke1 Ke7 28. h4 Ke6 29. Bd2 Kf5 30. Bb4 h5 31. Bf8 g6 1/2-1/2